| 000 | 00613nam a2200157Ia 4500 | ||
|---|---|---|---|
| 008 | 250506s9999 xx 000 0 und d | ||
| 024 | _a17B-014-SE, 17B-039-SE, 18B-112-SE, 18B-057-SE & 16B-031-SE | ||
| 082 | _a005.4072 KHA | ||
| 100 | _aDaniyal Khan, Mirza Khizar Baig, Zuhad Zahid, Muhammad Hassan & Ali Raza | ||
| 110 | _aLect. Syed Shahrooz Shamim | ||
| 245 | 0 | _aVR lab 2.0 | |
| 260 |
_aKarachi: _bUIT, _c2018 |
||
| 600 | _aSoftware Engineering | ||
| 650 | _aBachelor of Engineering (BE) | ||
| 856 |
_uhttps://drive.google.com/file/d/194fx-WwU0LsP3XNQX8d9Aj5hLkeiRhej/view?usp=share_link _yClick here for PDF |
||
| 999 |
_c29076 _d29076 |
||